LIBRARY & INFORMATION CENTRE, KCAET, TAVANUR

ONLINE PUBLIC ACCESS CATALOGUE (OPAC)

Programming in C++ / (Record no. 13219)

MARC details
000 -LEADER
fixed length control field 00442cam a2200169ua 4500
041 ## - LANGUAGE CODE
Language code of text/sound track or separate title eng
082 ## - DEWEY DECIMAL CLASSIFICATION NUMBER
Classification number 005.133
Item number COH/PR
100 ## - MAIN ENTRY--AUTHOR NAME
Personal name Cohoon, James P .
245 ## - TITLE STATEMENT
Title Programming in C++ /
250 ## - EDITION STATEMENT
Edition statement 3 /
260 ## - PUBLICATION, DISTRIBUTION, ETC. (IMPRINT)
Place of publication New Delhi :
Name of publisher Tata Mc-Graw Hill Publishing Company ,
Year of publication 2007.
300 ## - PHYSICAL DESCRIPTION
Number of Pages 945 ; .
700 1# - ADDED ENTRY--PERSONAL NAME
Personal name Davidson, Jack W .
942 ## - ADDED ENTRY ELEMENTS (KOHA)
Koha item type Books
Holdings
Withdrawn status Lost status Damaged status Home library Current library Date acquired Full call number Accession Number Koha item type
      KAUAET KAUAET 07/04/2012 005.133 21757 Books
free website counter